To see the invisible : Karelian rock art /
This contribution considers 25 years of discovery of the possible origins and development of the Rock Art Tradition to create Karelian Rock Art images under the open sky through the analysis of different types of intercessions into the horizontal surface of granite rocks.
المؤلف الرئيسي:
التنسيق: كتاب الكتروني
اللغة: English
منشور في:
Oxford :
Archaeopress Archaeology,
2015.
سلاسل:
Archaeopress open access.
الموضوعات:
الوصول للمادة أونلاين: Login to view Source
الوسوم: إضافة وسم
رقم الطلب: GN799.P4
| LEADER | 01800nam a2200397 i 4500 | ||
|---|---|---|---|
| 001 | EDZ0002794010 | ||
| 003 | StDuBDS | ||
| 005 | 20230412181543.0 | ||
| 006 | m|||||o||d|||||||| | ||
| 007 | cr ||||||||||| | ||
| 008 | 220608s2015 enkab fob 000|0|eng|d | ||
| 020 | |a 9781784911249 (PDF ebook) : |c No price | ||
| 040 | |a StDuBDS |b eng |c StDuBDS |e rda |e pn | ||
| 050 | 0 | |a GN799.P4 | |
| 082 | 0 | 4 | |a 709.0113 |2 23 |
| 100 | 1 | |a Faradzhev, Arsen, |e author. | |
| 245 | 1 | 0 | |a To see the invisible : |b Karelian rock art / |c Arsen Faradzhev. |
| 264 | 1 | |a Oxford : |b Archaeopress Archaeology, |c 2015. | |
| 300 | |a 1 online resource (iv, 19 pages) : |b illustrations (black and white, and colour), maps (black and white, and colour). | ||
| 336 | |a text |2 rdacontent | ||
| 336 | |a still image |2 rdacontent | ||
| 336 | |a cartographic image |2 rdacontent | ||
| 337 | |a computer |2 rdamedia | ||
| 338 | |a online resource |2 rdacarrier | ||
| 490 | 1 | |a Archaeopress open access | |
| 504 | |a Includes bibliographical references. | ||
| 506 | 0 | |a Open access. | |
| 520 | 8 | |a This contribution considers 25 years of discovery of the possible origins and development of the Rock Art Tradition to create Karelian Rock Art images under the open sky through the analysis of different types of intercessions into the horizontal surface of granite rocks. | |
| 521 | |a Specialized. | ||
| 588 | |a Description based on online resource; title from PDF title page (viewed on June 8, 2022). | ||
| 650 | 0 | |a Petroglyphs |z Russia (Federation) |z Karelia. | |
| 830 | 0 | |a Archaeopress open access. | |
| 856 | 4 | 0 | |3 Archaeopress |u http://library.arce.org:8087/Archaeopress/Products/9781784911249 |
| 942 | |2 lcc |c EBOOK | ||
| 952 | |0 0 |1 0 |4 0 |6 GN0799 P4 |7 1 |9 46061 |a ARCH |b ARCH |d 2023-04-12 |l 0 |o GN799.P4 |r 2023-04-12 00:00:00 |w 2023-04-12 |y EBOOK | ||
| 999 | |c 51719 |d 51719 | ||
